Problems of Conduct : (Record no. 235103)
[ view plain ]
| 000 -LEADER | |
|---|---|
| fixed length control field | 01637cam a22002413a 4500 |
| 001 - CONTROL NUMBER | |
| control field | 5775 |
| 003 - CONTROL NUMBER IDENTIFIER | |
| control field | PGUSA |
| 005 - DATE AND TIME OF LATEST TRANSACTION | |
| control field | 20140828083124.0 |
| 008 - FIXED-LENGTH DATA ELEMENTS--GENERAL INFORMATION | |
| fixed length control field | 040501s2004||||xxu|||||s|||||000 | eng d |
| 040 ## - CATALOGING SOURCE | |
| Original cataloging agency | PGUSA |
| Language of cataloging | eng |
| 042 ## - AUTHENTICATION CODE | |
| Authentication code | dc |
| 050 #4 - LIBRARY OF CONGRESS CALL NUMBER | |
| Classification number | BJ |
| 100 1# - MAIN ENTRY--PERSONAL NAME | |
| Personal name | Drake, Durant, |
| Dates associated with a name | 1878-1933 |
| 245 10 - TITLE STATEMENT | |
| Title | Problems of Conduct : |
| Remainder of title | An Introductory Survey of Ethics |
| Medium | [electronic resource] / |
| Statement of responsibility, etc | Durant Drake |
| 260 ## - PUBLICATION, DISTRIBUTION, ETC. (IMPRINT) | |
| Name of publisher, distributor, etc | Project Gutenberg, |
| Date of publication, distribution, etc | 2004 |
| 505 0# - FORMATTED CONTENTS NOTE | |
| Formatted contents note | The evolution of morality -- The origin of personal morality -- The origin of social morality -- Outward development: morals -- Inward development: conscience -- The individualizing of conscience -- Can we base morality upon conscience -- The theory of morality -- The basis of right and wrong -- The meaning of duty -- The judgment of character -- The solution of personal problems -- The solution of social problems -- Objections and misunderstandings -- Alternative theories -- The worth of morality -- Personal morality -- Health and efficiency -- The alcohol problem -- Chastity and marriage -- Fellowship, loyalty, and luxury -- Truthfulness and its problems -- Culture and art -- The mechanism of self-control -- The attainability of happiness -- Public morality -- Patriotism and world-peace -- Political purity and efficiency -- Social alleviation -- Industrial wrongs -- Industrial reconstruction -- Liberty and law -- Equality and privilege -- The future of the race. |
| 506 ## - RESTRICTIONS ON ACCESS NOTE | |
| Terms governing access | Public domain in the USA. |
| 516 ## - TYPE OF COMPUTER FILE OR DATA NOTE | |
| Type of computer file or data note | Electronic text |
| 653 ## - INDEX TERM--UNCONTROLLED | |
| Uncontrolled term | Ethics |
| 830 #0 - SERIES ADDED ENTRY--UNIFORM TITLE | |
| Uniform title | Project Gutenberg |
| Volume number/sequential designation | 5775 |
| 856 40 - ELECTRONIC LOCATION AND ACCESS | |
| Uniform Resource Identifier | <a href="http://www.gutenberg.org/ebooks/5775">http://www.gutenberg.org/ebooks/5775</a> |
| 942 ## - ADDED ENTRY ELEMENTS (KOHA) | |
| Koha item type | eBooks |
| Withdrawn status | Lost status | Damaged status | Home library | Current library | Date acquired | Total Checkouts | Date last seen | Price effective from | Koha item type |
|---|---|---|---|---|---|---|---|---|---|
| Project Gutenberg | Project Gutenberg | 08/28/2014 | 08/28/2014 | 08/28/2014 | eBooks |